000 00297 a2200121 4500
020 _a0195470826
090 _c156
_d156
100 _aChris Gosden
245 _aPrehistory
_bA Very short History
260 _aKarachi
_bOxford University Press
_c1995
300 _a131 P
942 _aNBS
_cBK
_k930 GOS
999 _c342732
_d342732